[Event "Almaty Fizmat op"]
[Site "Almaty"]
[Date "2021.10.09"]
[Round "5"]
[White "Mamedov, Edgar"]
[Black "Zhandaulet, Aldiyar"]
[Result "1-0"]
[WhiteElo "2086"]
[BlackElo "1552"]
[PlyCount "47"]
[EventDate "2021.10.08"]
[EventType "swiss (rapid)"]
[EventRounds "9"]
[EventCountry "KAZ"]
[SourceTitle "EXT 2023"]
[Source "ChessBase"]
[SourceDate "2022.10.05"]
[SourceVersion "1"]
[SourceVersionDate "2022.10.05"]
[SourceQuality "1"]

1. d4 Nf6 2. c4 e6 3. Nf3 b6 4. g3 Bb7 5. Bg2 Be7 6. 0-0 0-0 7. Re1 d6 8. Nc3 Ne4 9. Qc2 Nxc3 10. Ng5 Ne4 11. Bxe4 d5 12. Bxd5 Bxg5 13. Bxb7 Bxc1 14. Raxc1 Nd7 15. Bxa8 Qxa8 16. e4 e5 17. d5 Nf6 18. c5 Qc8 19. cxb6 axb6 20. Kg2 Qg4 21. h3 Qg6 22. Qxc7 Nxe4 23. Qxe5 Ng5 24. Ra1 1-0